<?xml version="1.0" encoding="UTF-8"?>
<record
    xmlns:xsi="http://www.w3.org/2001/XMLSchema-instance"
    xsi:schemaLocation="http://www.loc.gov/MARC21/slim http://www.loc.gov/standards/marcxml/schema/MARC21slim.xsd"
    xmlns="http://www.loc.gov/MARC21/slim">

  <leader>01550namaa22003251i 4500</leader>
  <controlfield tag="005">20260429110922.0</controlfield>
  <controlfield tag="008">260429s1995    ua a|||frm||| 000 0 eng d</controlfield>
  <datafield tag="040" ind1=" " ind2=" ">
    <subfield code="a">EG-GICUC</subfield>
    <subfield code="b">eng</subfield>
    <subfield code="c">EG-GICUC</subfield>
    <subfield code="d">EG-GICUC</subfield>
    <subfield code="e">rda</subfield>
  </datafield>
  <datafield tag="041" ind1="0" ind2=" ">
    <subfield code="a">eng</subfield>
    <subfield code="b">eng</subfield>
    <subfield code="b">ara</subfield>
  </datafield>
  <datafield tag="049" ind1=" " ind2=" ">
    <subfield code="a">Deposit</subfield>
  </datafield>
  <datafield tag="097" ind1=" " ind2=" ">
    <subfield code="a">M.Sc</subfield>
  </datafield>
  <datafield tag="099" ind1=" " ind2=" ">
    <subfield code="a">Cai01.16.03.M.Sc.1995.Ab.E.</subfield>
  </datafield>
  <datafield tag="100" ind1="0" ind2=" ">
    <subfield code="a">Abdel- Wahab Abdel- Maksoud Abdel-Maguid, </subfield>
    <subfield code="e">preparation.</subfield>
  </datafield>
  <datafield tag="245" ind1="1" ind2="0">
    <subfield code="a">Evaluation Of The Natural Reservoir Of Plant Nutrients In Some Marginal Soil Types In Northern Sudan / </subfield>
    <subfield code="c">By Abdel- Wahab Abdel- Maksoud Abdel-Maguid; Under Supervision Of Pro.Dr. Tarik M. Labib, Pro.Dr. Mohamed M. EL-Fouly, Dr. Hassan S. EL-Hassan.</subfield>
  </datafield>
  <datafield tag="246" ind1="1" ind2="5">
    <subfield code="a">&#x642;&#x64A;&#x64A;&#x645; &#x627;&#x644;&#x645;&#x62E;&#x632;&#x648;&#x646; &#x627;&#x644;&#x637;&#x628;&#x64A;&#x639;&#x64A; &#x645;&#x646; &#x627;&#x644;&#x639;&#x646;&#x627;&#x635;&#x631; &#x627;&#x644;&#x63A;&#x630;&#x627;&#x626;&#x64A;&#x629; &#x641;&#x64A; &#x628;&#x639;&#x636; &#x623;&#x646;&#x648;&#x627;&#x639; &#x627;&#x644;&#x62A;&#x631;&#x628;&#x629; &#x627;&#x644;&#x647;&#x627;&#x645;&#x634;&#x64A;&#x629; &#x641;&#x64A; &#x634;&#x645;&#x627;&#x644; &#x627;&#x644;&#x633;&#x648;&#x62F;&#x627;&#x646; /</subfield>
  </datafield>
  <datafield tag="264" ind1=" " ind2="0">
    <subfield code="c">1995.</subfield>
  </datafield>
  <datafield tag="300" ind1=" " ind2=" ">
    <subfield code="a">100 pages : </subfield>
    <subfield code="b">illustrations ; </subfield>
    <subfield code="c">30 cm. + </subfield>
  </datafield>
  <datafield tag="336" ind1=" " ind2=" ">
    <subfield code="2">rda content</subfield>
    <subfield code="a">text</subfield>
  </datafield>
  <datafield tag="337" ind1=" " ind2=" ">
    <subfield code="2">rdamedia</subfield>
    <subfield code="a">Unmediated</subfield>
  </datafield>
  <datafield tag="338" ind1=" " ind2=" ">
    <subfield code="2">rdacarrier</subfield>
    <subfield code="a">volume</subfield>
  </datafield>
  <datafield tag="502" ind1=" " ind2=" ">
    <subfield code="a">Thesis (M.Sc.) -Cairo University, 1995.  </subfield>
  </datafield>
  <datafield tag="504" ind1=" " ind2=" ">
    <subfield code="a">Bibliography: pages 90-100.</subfield>
  </datafield>
  <datafield tag="653" ind1=" " ind2="0">
    <subfield code="a">Natural Resources </subfield>
  </datafield>
  <datafield tag="700" ind1="0" ind2=" ">
    <subfield code="a">Tarik M. Labib</subfield>
    <subfield code="e">thesis advisor.</subfield>
  </datafield>
  <datafield tag="700" ind1="0" ind2=" ">
    <subfield code="a">Mohamed M. EL-Fouly</subfield>
    <subfield code="e">thesis advisor.</subfield>
  </datafield>
  <datafield tag="700" ind1="0" ind2=" ">
    <subfield code="a">Hassan S. EL-Hassan</subfield>
    <subfield code="e">thesis advisor.</subfield>
  </datafield>
  <datafield tag="900" ind1=" " ind2=" ">
    <subfield code="D">Department of Natural Resources </subfield>
    <subfield code="F">Faculty of Insttute Of African Research &amp; Studies </subfield>
    <subfield code="U">Cairo University</subfield>
    <subfield code="b">1995</subfield>
    <subfield code="c">Tarik M. Labib</subfield>
    <subfield code="c">Mohamed M. EL-Fouly</subfield>
    <subfield code="c">Hassan S. EL-Hassan</subfield>
  </datafield>
  <datafield tag="905" ind1=" " ind2=" ">
    <subfield code="a">Eman El gebaly </subfield>
  </datafield>
  <datafield tag="942" ind1=" " ind2=" ">
    <subfield code="2">ddc</subfield>
    <subfield code="c">TH</subfield>
    <subfield code="e">21</subfield>
    <subfield code="n">0</subfield>
  </datafield>
  <datafield tag="999" ind1=" " ind2=" ">
    <subfield code="c">179800</subfield>
  </datafield>
  <datafield tag="952" ind1=" " ind2=" ">
    <subfield code="2">ddc</subfield>
    <subfield code="9">317303</subfield>
    <subfield code="a">CUCL</subfield>
    <subfield code="b">100</subfield>
    <subfield code="d">2026-04-29</subfield>
    <subfield code="i">26683</subfield>
    <subfield code="o">Cai01.16.03.M.Sc.1995.Ab.E.</subfield>
    <subfield code="p">01010110026683000</subfield>
    <subfield code="r">2026-04-29 10:09:49</subfield>
    <subfield code="w">2026-04-29</subfield>
    <subfield code="y">TH</subfield>
  </datafield>
</record>
